Szczegóły MARC21

Księga Psalmów /

003 -Nazwa inst., której nr kontr. jest w polu 001 [,]
    • @
    • Nazwa instytucji, której n kontrolny jest w polu 001
    • NUKAT
005 -DATA I CZAS OSTATNIEJ MODYFIKACJI [,]
    • @
    • pole kontrolne
    • 20241231115536.0
020 -Międzynarod. znormalizowany nr książki - ISBN [ , ]
    • a
    • Numer ISBN
    • 2853160246 Find
040 -Instytucja sporządzająca opis [ , ]
    • a
    • Instytucja, która sporządziła opis (NP)
    • KR 295/SP
    • c
    • Instytucja, która sporządziła rekord (NP)
    • KR 295/SP
    • d
    • Instytucja, która zmodyfikowała rekord (P)
    • KR 295/BO
    • d
    • Instytucja, która zmodyfikowała rekord (P)
    • KAt U/SNs
041 -Język dokumentu [1, ]
    • a
    • Język tekstu (P)
    • polski
    • h
    • Język tekstu oryginalnego i/lub pośredniego (P)
    • hebrajski
942 -Rodzaj dokumentu [ , ]
    • c
    • Rodzaj dokumentu
    • Książka
130 -Hasło główne - tytuł ujednolicony [0, ]
    • a
    • Tytuł ujednolicony (NP)
    • Biblia. Find
    • p
    • Nazwa części (P)
    • ST.
    • p
    • Nazwa części (P)
    • Księga Psalmów
    • l
    • Język tekstu (NP)
    • (pol.)
    • 9
    • KHW
    • 51920
245 -Strefa tytułu i oznaczenia odpowiedzialności [1,0]
    • a
    • Tytuł
    • Księga Psalmów / Find
    • c
    • Pozostałe elementy strefy tytułu i oznaczenia odpowiedzialności (NP)
    • tł. z hebr. Czesław Miłosz.
260 -Strefa adresu wydawniczego [ , ]
    • a
    • Miejsce wydania (P)
    • Paris :
    • b
    • Nazwa wydawcy (P)
    • Éditions du Dialogue,
    • c
    • Data wydania (P)
    • 1981.
300 -Strefa opisu fizycznego [ , ]
    • a
    • Określenie formy książki i/lub objętość (NP)
    • 324, [3] s. ;
    • c
    • Format (NP)
    • 19 cm.
336 -Typ zawartości [ , ]
    • a
    • Termin opisujący typ zawartości
    • Tekst
    • b
    • Kod określający zawartość
    • txt
    • 2
    • Źródło (terminu i kodu)
    • rdacontent
337 -Typ mediów [ , ]
    • a
    • Tryb odtwarzania
    • Bez urządzenia pośredniczącego
    • b
    • Kod typu mediów
    • n
    • 2
    • Źródło (terminu i kodu)
    • rdamedia
338 -Typ/rodzaj nośnika [ , ]
    • a
    • Hasło opisujące typ nośnika
    • Wolumin
    • b
    • Kod typu nośnika
    • nc
    • 2
    • Źródło (terminu i kodu)
    • rdacarrier
380 -Deskryptor - Forma dzieła (P) [ , ]
    • a
    • forma dzieła (NP)
    • Książki
500 -Uwaga ogólna [ , ]
    • a
    • Uwaga ogólna (NP)
    • Poprzednie wydanie Księgi w pierwszym roku pontyfikatu Papieża Jana Pawła II.
501 -Uwaga dot. prac współwydanych [ , ]
    • a
    • Uwaga dot. prac współwydanych
    • Współwyd.: O Psalmach / Józef Sadzik.
080 -Uniwersalna Klasyfikacja Dziesiętna [ , ]
    • a
    • Symbol klasyfikacji
    • 222/224
630 -Hasło przedmiotowe w formie tytułu ujednoliconego [0,7]
    • a
    • Tytuł ujednolicony
    • Biblia.
    • p
    • Nazwa części dzieła
    • ST.
    • p
    • Nazwa części dzieła
    • Księga Psalmów
    • 2
    • Źródło terminu
    • DBN
    • 9
    • KHW
    • 738885
630 -Hasło przedmiotowe w formie tytułu ujednoliconego [0,7]
    • a
    • Tytuł ujednolicony
    • Biblia.
    • p
    • Nazwa części dzieła
    • ST.
    • p
    • Nazwa części dzieła
    • Księga Psalmów
    • x
    • Określnik rzeczowy
    • krytyka, interpretacja.
    • 2
    • Źródło terminu
    • kaba
    • 9
    • KHW
    • 357511
630 -Hasło przedmiotowe w formie tytułu ujednoliconego [0,7]
    • a
    • Tytuł ujednolicony
    • Biblia.
    • p
    • Nazwa części dzieła
    • ST.
    • p
    • Nazwa części dzieła
    • Księga Psalmów
    • x
    • Określnik rzeczowy
    • wersje polskie.
    • 2
    • Źródło terminu
    • kaba
    • 9
    • KHW
    • 390697
655 -Hasło w funkcji tematu formalnego [ ,7]
    • a
    • Hasło
    • Analiza i interpretacja
    • 2
    • Źródło terminu
    • DBN
    • 9
    • KHW
    • 724270
658 -Ujęcie treści [ , ]
    • a
    • dziedzina nauki i sztuki/ sfera aktywności życiowej
    • Religia i duchowość
980 -Symbol UKD [ , ]
    • a
    • UKD
    • 222/224
700 -Hasło dodatkowe - nazwa osobowa [1, ]
    • a
    • Nazwa osobowa (NP)
    • Miłosz, Czesław Find
    • d
    • Daty biograficzne (NP)
    • (1911-2004).
    • e
    • Określenie rodzaju współpracy
    • Tł.
    • 9
    • KHW
    • 18066
700 -Hasło dodatkowe - nazwa osobowa [1,2]
    • a
    • Nazwa osobowa (NP)
    • Sadzik, Józef Find
    • d
    • Daty biograficzne (NP)
    • (1933-1980).
    • t
    • Tytuł ujednolicony/tytuł (NP)
    • O Psalmach Find
    • l
    • Język tekstu (NP)
    • (pol.)
    • 9
    • KHW
    • 394424
856 -Dostęp do wersji elektronicznej [4,8]
    • 3
    • Wyszczególnienie materiału
    • Okładka
920 -ISBN [ , ]
    • a
    • ISBN
    • 2-85316-024-6 Find
Lokalizacja Data inwentaryzacji Status udost. Numer inwentarzowy
BG2002-12-091JK.353